Hedge fund modelling and analysis using Excel and VBA /
"This book will serve as a complete course in Hedge Fund Modeling and Analysis and will arm Hedge Funds with the full range of tools they need to manage their risks and capitalize on the return profiles of their investment styles"--
| Main Author: | |
|---|---|
| Other Authors: | |
| Format: | eBook |
| Language: | English |
| Published: |
Chichester, West Sussex :
Wiley,
2012.
|
| Series: | Wiley Online Library.
Wiley finance series. |
| Subjects: | |
| Online Access: | Connect to the full text of this electronic book |
MARC
| Tag | First Indicator | Second Indicator | Subfields |
|---|---|---|---|
| LEADER | 00000cam a2200000Ka 4500 | ||
| 001 | in00002781926 | ||
| 005 | 20210728124902.0 | ||
| 006 | m d | ||
| 007 | cr cn||||||||| | ||
| 008 | 120621s2012 enka ob 001 0 eng d | ||
| 019 | |a 775993099 |a 784363652 | ||
| 020 | |a 0470747196 | ||
| 020 | |a 1118467337 (electronic bk.) | ||
| 020 | |a 6613425338 | ||
| 020 | |a 9780470747193 | ||
| 020 | |a 9781118467336 (electronic bk.) | ||
| 020 | |a 9786613425331 | ||
| 024 | 8 | |a 9786613425331 | |
| 035 | |a (OCoLC)796002051 |z (OCoLC)775993099 |z (OCoLC)784363652 | ||
| 035 | |a (OCoLC)ocn796002051 | ||
| 035 | |a 4000582 | ||
| 037 | |a 10.1002/9781118467336 |b Wiley InterScience |n http://www3.interscience.wiley.com | ||
| 040 | |a DG1 |b eng |c DG1 |d CDX |d IDEBK |d UIU |d TXA |d UtOrBLW | ||
| 049 | |a TXAM | ||
| 050 | 4 | |a HG4530 |b .D37 2012eb | |
| 082 | 0 | 4 | |a 332.64/5240285554 |2 23 |
| 084 | |a BUS027000 |2 bisacsh | ||
| 100 | 1 | |a Darbyshire, Paul. |0 http://id.loc.gov/authorities/names/n2004089074 | |
| 245 | 1 | 0 | |a Hedge fund modelling and analysis using Excel and VBA / |c Paul Darbyshire and David Hampton. |
| 264 | 1 | |a Chichester, West Sussex : |b Wiley, |c 2012. | |
| 300 | |a 1 online resource (xv, 261 pages) : |b illustrations | ||
| 336 | |a text |b txt |2 rdacontent | ||
| 337 | |a computer |b c |2 rdamedia | ||
| 338 | |a online resource |b cr |2 rdacarrier | ||
| 490 | 1 | |a Wiley finance series | |
| 500 | |a Electronic resource. | ||
| 504 | |a Includes bibliographical references and index. | ||
| 505 | 0 | |a Front Matter -- The Hedge Fund Industry -- Major Hedge Fund Strategies -- Hedge Fund Data Sources -- Statistical Analysis -- Risk-Adjusted Return Metrics -- Asset Pricing Models -- Hedge Fund Market Risk Management -- References -- Important Legal Information -- Index. | |
| 520 | |a "This book will serve as a complete course in Hedge Fund Modeling and Analysis and will arm Hedge Funds with the full range of tools they need to manage their risks and capitalize on the return profiles of their investment styles"-- |c Provided by publisher. | ||
| 588 | |a Description based on print version record. | ||
| 630 | 0 | 0 | |a Microsoft Excel (Computer file) |0 http://id.loc.gov/authorities/names/n86025775 |
| 630 | 0 | 0 | |a Microsoft Visual Basic for applications. |
| 650 | 0 | |a Hedge funds |x Mathematical models. | |
| 650 | 7 | |a BUSINESS & ECONOMICS / Finance. |2 bisacsh | |
| 655 | 7 | |a Electronic books. |2 local | |
| 700 | 1 | |a Hampton, David. |0 http://id.loc.gov/authorities/names/n2005089541 | |
| 776 | 0 | 8 | |i Print version: |a Darbyshire, Paul. |t Hedge fund modelling and analysis using Excel and VBA. |d Chichester, West Sussex : Wiley, 2012 |z 9780470747193 |w (DLC) 2011046750 |w (OCoLC)751832647 |
| 830 | 0 | |a Wiley Online Library. | |
| 830 | 0 | |a Wiley finance series. |0 http://id.loc.gov/authorities/names/n00091597 | |
| 856 | 4 | 0 | |u http://proxy.library.tamu.edu/login?url=https://dx.doi.org/10.1002/9781118467336 |z Connect to the full text of this electronic book |t 0 |
| 948 | |a cataloged |b h |c 2012/6/29 |d c |e jlanham |f 2:03:38 pm | ||
| 994 | |a C0 |b TXA | ||
| 999 | |a MARS | ||
| 999 | f | f | |s 6b4adf8e-2123-3ee2-9562-6762d3954282 |i 7a13d059-3ef4-3a39-838d-0cb6d2fb21fc |t 0 |
| 952 | f | f | |a Texas A&M University |b College Station |c Electronic Resources |d Available Online |t 0 |e HG4530 .D37 2012eb |h Library of Congress classification |
| 998 | f | f | |a HG4530 .D37 2012eb |t 0 |l Available Online |